Hospodárska čítanka praktická príručka pre roľníkov Sošit 17 Mliekarstvo

Bibliographic Details
Main Author: Bella, Ignác, 1898-1963 (Author)
Other Authors: Hutta, Pavol, 1890-1960 (Editor)
Format: Book
Language:Slovak
PhysicalDescription:Strana 265-280 ilustrácie 24 cm
Published: V Bratislave Viktor Sekey 1927
Subjects:

MARC

LEADER 00000cam a2200000 a 4500
001 vtls008363985
003 SK-MaSNL
005 20260301043033.0
008 250722s1927 xo a grf 000 0 slo
015 |a SNBA19191938-000445 
020 |q (brožované) 
035 |a SK01SNKBSKHR20010056202 
035 |a SKM000058665 
040 |a SNK  |b slo  |c SNK  |e AACR2 
041 0 |a slo 
044 |a xo  |c SK 
072 7 |a 637  |x Živočíšne produkty  |2 konspekt 
072 7 |a 636  |x Chov zvierat. Živočíšna výroba  |2 konspekt 
080 |a 637.1/.3  |2 2011 
080 |a (035)  |2 2011 
080 |a 636  |2 2011 
100 1 |a Bella, Ignác,  |d 1898-1963  |4 aut  |9 169925 
245 1 0 |a Hospodárska čítanka  |n Sošit 17  |p Mliekarstvo  |b praktická príručka pre roľníkov  |c rediguje: Pavel Hutta ; Ignác Bella 
246 3 0 |a Mliekarstvo 
260 |a V Bratislave  |b Viktor Sekey  |c 1927 
300 |a Strana 265-280  |b ilustrácie  |c 24 cm 
500 |a Názov z obalu. Obsahuje reklamy 
650 0 7 |a mliekarstvo  |2 SNKPH  |9 3941 
650 0 7 |a živočíšna výroba  |2 SNKPH  |9 2836 
655 7 |a príručky  |2 SNKPH  |9 74364 
700 1 |a Hutta, Pavol,  |d 1890-1960  |4 edt  |9 199883 
752 |a Slovensko  |d Bratislava 
852 |a Slovenská národná knižnica 
954 |a odborná, vedecká literatúra pôvodná (slovenská)  |2 lita 
958 |a EUIPO 
958 |a RK 
958 |a TL 
958 |a OND 
999 |c 592510  |d 594440 
952 |a SNK  |b SNK  |y PREZ  |7 0  |p 17A0738523  |o snkSC 1564/17  |i snk163/34  |0 0  |1 0  |4 0  |d 1996-12-11  |f 1  |l 0  |r 2025-06-11 00:00:00  |w 2026-02-23